| 000 | 00798cab a2200229 4500 | ||
|---|---|---|---|
| 001 | WB3012-03 | ||
| 008 | 090401t1994 xxu||||| |||| 00| 0 eng d | ||
| 035 | _a(Sirsi) u10576 | ||
| 041 | _aeng | ||
| 245 | _aWorkload lift fuels staff drive | ||
| 260 | _c1994 | ||
| 350 | _a0 | ||
| 490 |
_aNew Builder _v(209) 18 March 1994, 6(1) |
||
| 520 | _a40% of construction firms questioned in the NB/JT Design Build attitude survey expect to recruit new staff over the next 9 months, in a rise of optimism which sees the first prospect of increased employment since the start of the recession. | ||
| 650 | _aCONFIDENCE SURVEY | ||
| 650 | _aCONSTRUCTION MARKET | ||
| 650 | _aRECOVERY | ||
| 650 | _aRECRUITMENT | ||
| 690 | _aBUILDING AND CONSTRUCTION-ECONOMICS | ||
| 942 | _n0 | ||
| 948 | _c04/03/1997 | ||
| 999 |
_c6689 _d6689 |
||